000
00289nam a22001217a 4500
082
_a
621.388 MID'O
100
_a
MIDDLETON, ROBERT G
_9
56538
245
_a
101 WAYS TO USE YOUR SWEEP GENERATOR
250
_a
1ST
260
_a
NEWYORK
_b
HOWARD W. SAMS
_c
1958
300
_a
138P
942
_c
BK
999
_c
569085
_d
569085